A light in the storm : (Record no. 10072)
[ view plain ]
| 000 -LEADER | |
|---|---|
| fixed length control field | 01500nam a22003497a 4500 |
| 003 - CONTROL NUMBER IDENTIFIER | |
| control field | OSt |
| 005 - DATE AND TIME OF LATEST TRANSACTION | |
| control field | 20260416124442.0 |
| 008 - FIXED-LENGTH DATA ELEMENTS--GENERAL INFORMATION | |
| fixed length control field | 260416b |||||||| |||| 00| 0 eng d |
| 010 ## - LIBRARY OF CONGRESS CONTROL NUMBER | |
| LC control number | 9849204 |
| 020 ## - INTERNATIONAL STANDARD BOOK NUMBER | |
| International Standard Book Number | 0590567330 |
| Qualifying information | (hardcover) |
| 020 ## - INTERNATIONAL STANDARD BOOK NUMBER | |
| International Standard Book Number | 9780590567336 |
| 040 ## - CATALOGING SOURCE | |
| Language of cataloging | eng |
| Transcribing agency | scholastic inc. |
| 050 ## - LIBRARY OF CONGRESS CALL NUMBER | |
| Classification number | PZ 7 .H436 1999 |
| Item number | .H436 1999 |
| 082 ## - DEWEY DECIMAL CLASSIFICATION NUMBER | |
| Classification number | [Fic] |
| Item number | 21 |
| 100 ## - MAIN ENTRY--PERSONAL NAME | |
| Personal name | Hesse, Karen. |
| 245 ## - TITLE STATEMENT | |
| Title | A light in the storm : |
| Remainder of title | the Civil War diary of Amelia Martin, Fenwick Island, Delaware, 1861 / |
| Statement of responsibility, etc. | by Karen Hesse. |
| 250 ## - EDITION STATEMENT | |
| Edition statement | first edition. |
| 260 ## - PUBLICATION, DISTRIBUTION, ETC. | |
| Place of publication, distribution, etc. | New York : |
| Name of publisher, distributor, etc. | Scholastic Inc., |
| Date of publication, distribution, etc. | 1999 |
| 300 ## - PHYSICAL DESCRIPTION | |
| Extent | 169, [5] pages : |
| Other physical details | illustrations ; |
| Dimensions | 20cm. |
| 490 ## - SERIES STATEMENT | |
| Series statement | Dear America |
| 500 ## - GENERAL NOTE | |
| General note | Fenwick Island, Delaware, 1861"--Cover. |
| 500 ## - GENERAL NOTE | |
| General note | Fictional diary of a young girl at Valley Forge during the winter encampment of 1777-1778. |
| 504 ## - BIBLIOGRAPHY, ETC. NOTE | |
| Bibliography, etc. note | Includes historical note and "Epilogue: Life After the Diary." |
| 520 ## - SUMMARY, ETC. | |
| Summary, etc. | In 1860 and 1861, while working in her father's lighthouse on an island off the coast of Delaware, fifteen-year-old Amelia records in her diary how the Civil War is beginning to devastate her divided state. |
| 521 ## - TARGET AUDIENCE NOTE | |
| Target audience note | Intended for young readers. |
| 650 ## - SUBJECT ADDED ENTRY--TOPICAL TERM | |
| Topical term or geographic name entry element | Lighthouses |
| Form subdivision | Juvenile fiction. |
| 651 ## - SUBJECT ADDED ENTRY--GEOGRAPHIC NAME | |
| Geographic name | Delaware |
| Form subdivision | Juvenile fiction. |
| General subdivision | History |
| Chronological subdivision | Civil War, 1861-1865 |
| 651 ## - SUBJECT ADDED ENTRY--GEOGRAPHIC NAME | |
| Geographic name | United States |
| Form subdivision | Juvenile fiction. |
| General subdivision | History |
| Chronological subdivision | Civil War, 1861-1865 |
| 655 ## - INDEX TERM--GENRE/FORM | |
| Source of term | lcgft |
| Genre/form data or focus term | Diary fiction. |
| 830 ## - SERIES ADDED ENTRY--UNIFORM TITLE | |
| Uniform title | Dear America. |
| 942 ## - ADDED ENTRY ELEMENTS (KOHA) | |
| Source of classification or shelving scheme | Library of Congress Classification |
| Koha item type | Books |
| Edition | 1st ed. |
| Suppress in OPAC | No |
No items available.